000 00721nam a2200229Ia 4500
008 131103s9999 xx 000 0 und d
020 _cRs 50
040 _aLoreto College
041 _aEnglish
082 _a891.431/PRA
_bLCLIB/HinSem/495/44870
100 _aChaturvedi, Ramswarup
245 _aPrasad-Nirala-Agyeya
_b Parangpara, vidraha aur adhunikata ke beech kavita ka vikash athva kavita me sangit, mukt chhand aur gadya ke vinyas
_cRamswarup Chaturvedi
250 _a5th ed
260 _aAllahabad
_bLokbharati
_c2005
300 _a97p
_c 22 cm
504 _aIncludes chronology
630 _aPoetry, Hindi
650 _aHindi Poetry
651 _aKavita
850 _aLCLIB/891.431/PRA
942 _cBK
999 _c13103
_d63582